[Event "Steinfurt Bezirksliga 1718"]
[Site "Germany"]
[Date "2018.03.17"]
[Round "6.8"]
[White "Kleimann, Luca"]
[Black "Burton, Christopher"]
[Result "1-0"]
[WhiteElo "1137"]
[BlackElo "1146"]
[PlyCount "49"]
[EventDate "2017.09.23"]
[EventType "team-tourn"]
[EventRounds "7"]
[EventCountry "GER"]
[SourceTitle "EXT 2019"]
[Source "ChessBase"]
[SourceDate "2018.10.10"]
[SourceVersion "1"]
[SourceVersionDate "2018.10.10"]
[SourceQuality "1"]
[WhiteTeam "Emsdetten Rochade V"]
[BlackTeam "Westerkappeln"]
[WhiteTeamCountry "GER"]
[BlackTeamCountry "GER"]

1. e4 e5 2. Nf3 Nc6 3. d4 d6 4. d5 h6 5. dxc6 bxc6 6. Nc3 Nf6 7. Bc4 g5 8. h3 Be7 9. Be3 0-0 10. Qd2 Bb7 11. 0-0-0 c5 12. Qd3 a6 13. Nd5 Kh7 14. g4 Qd7 15. Nd2 Ne8 16. f3 Bd8 17. Nf1 c6 18. Nc3 Ba5 19. h4 f6 20. Ng3 Ng7 21. Bxc5 Bc7 22. Bxd6 Bxd6 23. Qxd6 Qxd6 24. Rxd6 Ne8 25. Rd7+ 1-0

[Event "Steinfurt Bezirksliga 1718"]
[Site "Germany"]
[Date "2017.09.23"]
[Round "1.6"]
[White "Kleimann, Luca"]
[Black "Hillen, Thomas"]
[Result "0-1"]
[WhiteElo "1137"]
[BlackElo "1462"]
[PlyCount "50"]
[EventDate "2017.09.23"]
[EventType "team-tourn"]
[EventRounds "7"]
[EventCountry "GER"]
[SourceTitle "EXT 2019"]
[Source "ChessBase"]
[SourceDate "2018.10.10"]
[SourceVersion "1"]
[SourceVersionDate "2018.10.10"]
[SourceQuality "1"]
[WhiteTeam "Emsdetten Rochade V"]
[BlackTeam "Emsdetten Rochade IV"]
[WhiteTeamCountry "GER"]
[BlackTeamCountry "GER"]

1. e4 c5 2. Nf3 Nc6 3. d4 cxd4 4. Nxd4 Nf6 5. Nc3 g6 6. g3 Bg7 7. Bg2 Qb6 8. Ndb5 a6 9. Be3 Qd8 10. Nd4 0-0 11. 0-0 d6 12. h3 Bd7 13. Qd2 Qc8 14. g4 Ne5 15. f3 Nc4 16. Qc1 Nxe3 17. Qxe3 Qc5 18. Rfe1 Nxg4 19. Ne6 Qxe3+ 20. Rxe3 Nxe3 21. Nxf8 Kxf8 22. Rc1 Bh6 23. Re1 Nxc2 24. Re2 Nd4 25. Rf2 Be3 0-1

[Event "Steinfurt Bezirksklasse 1617"]
[Site "Germany"]
[Date "2016.12.03"]
[Round "4.4"]
[White "Kleimann, Luca"]
[Black "Naber, Ole"]
[Result "1-0"]
[WhiteElo "1182"]
[BlackElo "1153"]
[PlyCount "44"]
[EventDate "2016.09.17"]
[EventType "team"]
[EventRounds "10"]
[EventCountry "GER"]
[SourceTitle "EXT 2018"]
[Source "ChessBase"]
[SourceDate "2017.10.13"]
[SourceVersion "1"]
[SourceVersionDate "2017.10.13"]
[SourceQuality "1"]
[WhiteTeam "Emsdetten Rochade VI"]
[BlackTeam "Rheine CC"]
[WhiteTeamCountry "GER"]
[BlackTeamCountry "GER"]

1. e4 c5 2. Nf3 d6 3. d4 cxd4 4. Nxd4 g6 5. g3 Bg7 6. Bg2 Nc6 7. Be3 Nf6 8. Nc3 0-0 9. 0-0 Bd7 10. f4 Ng4 11. Nxc6 Bxc6 12. Qxg4 Qa5 13. Bd2 Rac8 14. Rad1 e6 15. Nd5 Qd8 16. Ne3 Bxb2 17. f5 e5 18. Bb4 Ba4 19. Rfe1 Qc7 20. c3 Bxc3 21. Bxc3 Qb6 22. Qe2 Bb5 1-0

[Event "Steinfurt Bezirksklasse 1516"]
[Site "Germany"]
[Date "2016.01.09"]
[Round "5.5"]
[White "Bloom, Peter"]
[Black "Kleimann, Luca"]
[Result "0-1"]
[WhiteElo "1125"]
[BlackElo "1045"]
[PlyCount "58"]
[EventDate "2015.09.05"]
[EventType "team-tourn"]
[EventRounds "9"]
[EventCountry "GER"]
[SourceTitle "EXT 2017"]
[Source "ChessBase"]
[SourceDate "2016.10.25"]
[SourceVersion "1"]
[SourceVersionDate "2016.10.25"]
[SourceQuality "1"]
[WhiteTeam "Reckenfeld II"]
[BlackTeam "Emsdetten Rochade VI"]
[WhiteTeamCountry "GER"]
[BlackTeamCountry "GER"]

1. e4 c5 2. Nf3 Nc6 3. Bc4 Nf6 4. d3 g6 5. Ng5 e6 6. 0-0 Bg7 7. Nc3 d5 8. exd5 Nxd5 9. Bxd5 exd5 10. Re1+ Ne7 11. Qf3 0-0 12. a4 a6 13. a5 h6 14. Nh3 Bxh3 15. Qxh3 Nf5 16. Qf3 d4 17. Nd5 Qd6 18. Bf4 Qc6 19. Ne7+ Nxe7 20. Qxc6 Nxc6 21. Bd6 Rfe8 22. Bxc5 Rxe1+ 23. Rxe1 Nxa5 24. h3 Rc8 25. b4 Nc6 26. Re4 f5 27. Rf4 Be5 28. Rh4 Kh7 29. f4 Bf6 0-1

[Event "Steinfurt Bezirksklasse 1415"]
[Site "Germany"]
[Date "2015.04.25"]
[Round "8.5"]
[White "Jendraszyk, Daniel"]
[Black "Kleimann, Luca"]
[Result "1-0"]
[WhiteElo "1137"]
[BlackElo "987"]
[PlyCount "69"]
[EventDate "2014.09.20"]
[EventType "team-tourn"]
[EventRounds "9"]
[EventCountry "GER"]
[SourceTitle "EXT 2016"]
[Source "ChessBase"]
[SourceDate "2015.10.08"]
[SourceVersion "1"]
[SourceVersionDate "2015.10.08"]
[SourceQuality "1"]
[WhiteTeam "Emsdetten Rochade V"]
[BlackTeam "Emsdetten Turm IV"]
[WhiteTeamCountry "GER"]
[BlackTeamCountry "GER"]

1. e4 c5 2. Nf3 Nc6 3. g3 d6 4. Bg2 Nf6 5. Nc3 Bg4 6. h3 Bh5 7. 0-0 g6 8. Qe1 Bg7 9. d3 0-0 10. Nd5 Bxf3 11. Bxf3 Nxd5 12. exd5 Nd4 13. Qd1 Nxf3+ 14. Qxf3 Qd7 15. Kg2 b5 16. c4 b4 17. Rb1 a5 18. Re1 Rfe8 19. b3 e6 20. Bg5 h6 21. Bf6 Bxf6 22. Qxf6 exd5 23. cxd5 Rxe1 24. Rxe1 Qf5 25. Qxd6 Qxd3 26. Qc6 Rd8 27. Re8+ Rxe8 28. Qxe8+ Kg7 29. Qe5+ Kg8 30. d6 Qa6 31. Qe8+ Kg7 32. d7 Qc6+ 33. Kg1 Qf6 34. d8Q Qxd8 35. Qxd8 1-0